000 00366nam a22001337a 4500
003 OSt
008 231114b |||||||| |||| 00| 0 eng d
041 _aeng
245 _aSoil Transmitted Helminths :
_bReport of WHO Expert Committee on Helminthiases
260 _aGeneva:
_bWHO,
_c1964.
300 _a7Op.
490 _aWHO Technical Report Series; 277.
942 _cBK
999 _c17821
_d17821